LEADER 00848nam a2200229 i 4500 001 991004422128707536 005 20260310134419.0 008 260310s2010 it e 00000 ita 020 $a9788888906546 040 $aBibl. Dip.le Aggr. Scienze Giuridiche - Sez. Studi Giuridici$bita 082 04$a343.043 245 00$aFederalismo fiscale tra differenziazione e solidarietà :$bprofili giuridici italiani e comparati /$ca cura di Jens Woelk 260 $aBolzano :$bAccademia europea,$c2010 300 $a189 p. :$btab. ;$c24 cm 490 1 $aEur.ac research 490 1 $aEurac book ;$v55 650 4$aTributi$xRiforma$xDiritto comparato 650 4$aFederalismo fiscale$xDiritto comparato 700 1 $aWoelk, Jens 912 $a991004422128707536 996 $aFederalismo fiscale tra differenziazione e solidarietà$94549570 997 $aUNISALENTO